| 000 | 01231nam a22003497a 4500 | ||
|---|---|---|---|
| 003 | CHAP | ||
| 005 | 20220817044451.0 | ||
| 008 | 110809s2011 it b rn 00010 eng d | ||
| 010 | _a101759 | ||
| 011 | _a102731 | ||
| 020 | _a9789251068373 | ||
| 035 | _a113420 | ||
| 040 | _cCHAP | ||
| 082 | 1 | 0 |
_a636.08 _bF21y Doc. |
| 110 | 2 | _aFAO | |
| 245 | 1 | 0 |
_aApproaches to controlling, preventing and eliminating H5N1 highly pathogenic avian influenza in endemic countries _c/por FAO |
| 260 |
_aRoma : _bFAO, _c2011 |
||
| 300 |
_axi, 81 p. : _bgráfs., mapas, tablas |
||
| 490 | 0 |
_aFAO. Producción y sanidad animal. Documento _v; 171 |
|
| 590 |
_aBATCH-UPD _b10 _c20130110 _lUCH01 _h1600 |
||
| 590 |
_aBATCH-UPD _b10 _c20130410 _lUCH01 _h0957 |
||
| 590 |
_aBATCH-UPD _b10 _c20130914 _lUCH01 _h0452 |
||
| 590 |
_aCONVERSION _b10 _c20130109 _lUCH01 _h1356 |
||
| 650 | 1 | 4 |
_aAves de corral _xEnfermedades. _98646 |
| 650 | 1 | 4 |
_aPleuroneumonía. _989172 |
| 650 | 1 | 4 |
_aSanidad animal. _9102221 |
| 650 | 1 | 4 |
_aVirus de la influenza aviar. _9119943 |
| 830 | 0 |
_aFAO. Producción y sanidad animal. Documento _v; 171 |
|
| 901 | _aBK | ||
| 942 | _cLIBRO | ||
| 949 |
_a636.08 F21yDoc. v.171 _bBC _cFAO _d33724002301330 _eFAO1 _gDonaciØn _h115452 _i113420 _sb |
||
| 999 |
_c101759 _d101759 |
||